000 00437cam a2200181ua 4500
001 5751
008 131009n ii |||gr||||Z||||||eng
040 _cMAIN
082 _a954
100 1 _aRaj,H,
_eAuthor.
245 1 1 _aHistory Of Ancient India
_cby H RAj
250 _a1st ed.
260 _aDelhi:
_bSurjeet Publications,
_c1985.
300 _a216p.
653 _aSouth Asia India
653 _aHistory Of Ancient India
942 _cBK
999 _c4909
_d4909